000 00729nas a2200253 4500
001 BR9502231
003 BR-BrBNA
005 20231205093952.0
007 ta
008 230509b bl.|||p| |||| 00| 00por d
040 _aBR-BrBNA
_bpor
_cBiblioteca Nacional de Agricultura
041 _a(Pt)
072 _aH10
100 1 _aBandeira, A.G.
245 1 _aTermites (Insecta: Isoptera)consumidores de liteira na ilha de Maraca, Roraima
650 _aIsoptera
650 _aCupim
650 _aBiologia
650 _aFlutuacao Populacional
650 _aRoraima
773 0 _tActa Amazonica (Brazil)
_xISSN 0044-5967
_g(1991), v. 21 p. 15-23
_wBR9502231
909 _a202311
_bLúcia
_c55
_dLúcia Elande
942 _2AGRIS
_n0
_cANA
999 _c141357
_d141357